<?xml version="1.0" encoding="UTF-8"?>
<record
    xmlns:xsi="http://www.w3.org/2001/XMLSchema-instance"
    xsi:schemaLocation="http://www.loc.gov/MARC21/slim http://www.loc.gov/standards/marcxml/schema/MARC21slim.xsd"
    xmlns="http://www.loc.gov/MARC21/slim">

  <leader>00691nam a22001937a 4500</leader>
  <datafield tag="999" ind1=" " ind2=" ">
    <subfield code="c">182023</subfield>
    <subfield code="d">182023</subfield>
  </datafield>
  <controlfield tag="005">20211020124612.0</controlfield>
  <datafield tag="010" ind1=" " ind2=" ">
    <subfield code="a">UR-11287</subfield>
  </datafield>
  <datafield tag="020" ind1=" " ind2=" ">
    <subfield code="c">300.00</subfield>
    <subfield code="a">-</subfield>
  </datafield>
  <datafield tag="035" ind1=" " ind2=" ">
    <subfield code="a">U-9842</subfield>
  </datafield>
  <datafield tag="037" ind1=" " ind2=" ">
    <subfield code="b">DBAD/PUB</subfield>
  </datafield>
  <datafield tag="082" ind1=" " ind2=" ">
    <subfield code="a">270</subfield>
  </datafield>
  <datafield tag="100" ind1=" " ind2=" ">
    <subfield code="a">&#x646;&#x639;&#x645;&#x62A; &#x627;&#x644;&#x644;&#x6C1; &#x627;&#x644;&#x627; &#x639;&#x638;&#x645;&#x6CC; </subfield>
  </datafield>
  <datafield tag="245" ind1=" " ind2=" ">
    <subfield code="a">&#x631; &#x648; &#x627; &#x64A;&#x627; &#x62A; &#x627; &#x644;&#x635;&#x639;&#x64A;&#x62A;&#x6C1; &#x627; &#x644;&#x635;&#x627; &#x62F; &#x642;&#x6C1;</subfield>
    <subfield code="c">&#x646;&#x639;&#x645;&#x62A; &#x627;&#x644;&#x644;&#x6C1; &#x627;&#x644;&#x627; &#x639;&#x638;&#x645;&#x6CC; </subfield>
  </datafield>
  <datafield tag="246" ind1=" " ind2=" ">
    <subfield code="a">Riwaiyat Alsahifat Alsadiqa (Urdu)</subfield>
    <subfield code="b">by Nematullah Al Aazmi </subfield>
  </datafield>
  <datafield tag="260" ind1=" " ind2=" ">
    <subfield code="a">Uttar Pardesh</subfield>
    <subfield code="c">2021 &#x621;</subfield>
    <subfield code="b">Shaikh Ul Hind Academy</subfield>
  </datafield>
  <datafield tag="270" ind1=" " ind2=" ">
    <subfield code="a">Shaikh Ul Hind AcademyDarul Uloom Deoband,</subfield>
    <subfield code="b">Distt.Saharanpur (U.P.)</subfield>
    <subfield code="e">247554</subfield>
    <subfield code="l"> -</subfield>
  </datafield>
  <datafield tag="300" ind1=" " ind2=" ">
    <subfield code="a">277 &#x635; </subfield>
    <subfield code="c">22 Cm(Hb)</subfield>
  </datafield>
  <datafield tag="942" ind1=" " ind2=" ">
    <subfield code="2">ddc</subfield>
    <subfield code="c">UR</subfield>
    <subfield code="h">270</subfield>
    <subfield code="m"> &#x646; &#x639; &#x645; </subfield>
  </datafield>
  <datafield tag="952" ind1=" " ind2=" ">
    <subfield code="0">0</subfield>
    <subfield code="1">0</subfield>
    <subfield code="4">0</subfield>
    <subfield code="7">1</subfield>
    <subfield code="8">NFIC</subfield>
    <subfield code="a">DBAD</subfield>
    <subfield code="b">L</subfield>
    <subfield code="d">2021-10-20</subfield>
    <subfield code="e">DBAD/PUB</subfield>
    <subfield code="g">300.00</subfield>
    <subfield code="l">0</subfield>
    <subfield code="o">270  &#x646; &#x639; &#x645;</subfield>
    <subfield code="p">U-9842</subfield>
    <subfield code="r">2021-10-20 00:00:00</subfield>
    <subfield code="t">1</subfield>
    <subfield code="v">300.00</subfield>
    <subfield code="w">2021-10-20</subfield>
    <subfield code="y">UR</subfield>
  </datafield>
</record>
